| 000 | 00634nam a2200181Ia 4500 | ||
|---|---|---|---|
| 999 |
_c2300 _d2300 |
||
| 020 | _a4-258-52035-7 | ||
| 082 | _a307.7209593 SHI-; | ||
| 100 | _aShigetomi, Shinichi | ||
| 245 | 0 | _aCooperation and community in rural Thailand: an organizational analysis of participatory rural development | |
| 260 |
_aTokyo _bInstitute of Developing Economics _c1998 |
||
| 300 | _a148p. | ||
| 504 | _aIncludes index | ||
| 650 | _aRural development - Sociological aspects - Thailand | ||
| 650 | _aThailand - Rural conditions | ||
| 650 | _aSociology - Thailand | ||
| 650 | _aRural development - International cooperation - Thailand | ||
| 942 | _cBK | ||